000 00827nam a2200205 a 4500
001 001166643
003 AM-YeHGA
005 20250617152530.0
008 160726s1977 ||| r 000 0 rus d
040 _aAM-YeHGA
041 0 _arus
245 0 0 _aДекабристы и Сибирь /
_cАН СССР, Сиб. отд-ние, Ин-т истории, филологии и философии; Отв. ред.: А.Н. Копылов.
260 _aНовосибирск :
_bНаука,
_c1977.
300 _a261 с.
653 0 _aДекабристы в Сибири
653 0 _aТюрьма, каторга и ссылка в России
700 1 _aКопылов, А.Н.
_eред.
_4edt
710 2 _aИнститут истории, филологии и философии СО АН СССР
090 _c374497
999 _c372617
_d372617